Principles of corporate finance. / (Record no. 25161)
[ view plain ]
| 000 -LEADER | |
|---|---|
| fixed length control field | 00734nam a2200229 a 4500 |
| 005 - DATE AND TIME OF LATEST TRANSACTION | |
| control field | 20140310183605.0 |
| 008 - FIXED-LENGTH DATA ELEMENTS--GENERAL INFORMATION | |
| fixed length control field | 120608s19uu xx 00 eng d |
| 020 ## - INTERNATIONAL STANDARD BOOK NUMBER | |
| International Standard Book Number | 9780071266758 |
| 050 ## - LIBRARY OF CONGRESS CALL NUMBER | |
| Classification number | HG 4026 |
| Item number | .B667 2008 |
| 100 ## - MAIN ENTRY--PERSONAL NAME | |
| Personal name | Brealey, Richard A. |
| 245 ## - TITLE STATEMENT | |
| Title | Principles of corporate finance. / |
| Statement of responsibility, etc | Richard A. Brealey, Stewart C. Myers, and Franklin Allen. |
| 250 ## - EDITION STATEMENT | |
| Edition statement | 9th ed. |
| 260 ## - PUBLICATION, DISTRIBUTION, ETC. (IMPRINT) | |
| Place of publication, distribution, etc | Singapore : |
| Name of publisher, distributor, etc | McGraw-Graw Hill Education, |
| Date of publication, distribution, etc | 2008. |
| 300 ## - PHYSICAL DESCRIPTION | |
| Extent | 976 p. : |
| Other physical details | ill. col. ; |
| Dimensions | 25 cm. |
| 500 ## - GENERAL NOTE | |
| General note | Includes bibliographical references, glossary and index. |
| 521 ## - TARGET AUDIENCE NOTE | |
| Target audience note | |
| 650 ## - SUBJECT ADDED ENTRY--TOPICAL TERM | |
| Topical term or geographic name as entry element | Corporations |
| General subdivision | Finance |
| 700 ## - ADDED ENTRY--PERSONAL NAME | |
| Personal name | Myers, Stewart C. |
| 700 ## - ADDED ENTRY--PERSONAL NAME | |
| Personal name | Allen, Franklin |
| 942 ## - ADDED ENTRY ELEMENTS (KOHA) | |
| Koha item type | Books |
| Source of classification or shelving scheme | Library of Congress Classification |
| Call number prefix | Foreign |
| Withdrawn status | Lost status | Source of classification or shelving scheme | Damaged status | Home library | Current library | Shelving location | Date acquired | Source of acquisition | Total Checkouts | Full call number | Barcode | Date last seen | Copy number | Price effective from | Koha item type | Sub Shelving location |
|---|---|---|---|---|---|---|---|---|---|---|---|---|---|---|---|---|
| Library of Congress Classification | College Library | College Library | General Circulation Section | 06/08/2012 | Donation | HG 4026 .B667 2008 | C14741 | 05/15/2018 | 1 | 10/18/2013 | Books | |||||
| Library of Congress Classification | Southville International School Affiliated with Foreign Universities Library | Southville International School Affiliated with Foreign Universities Library | Southville Foreign University Section | 06/26/2020 | Donation | HG 4026 .B667 2008 | SFU2635 | 06/26/2020 | 06/26/2020 | Books |